Datas de Independências de países aleatórios - Statistics

Estatísticas Gerais
  • Esse quiz foi jogado 20 vezes
  • A pontuação média é 5 de 15
Estatísticas das Respostas
Questão Resposta % Correto
Em que dia e ano foi a independência do Estados Unidos? 4 de julho de 1776
80%
Em que ano o Vietnã do Norte se uniu com o Sul? Em 1975 formando a Republica Socialista do Vietnã
80%
Em que dia e ano Bahamas declarou sua independência? 10 de julho de 1973
60%
Em que dia e ano a Bielorrússia conseguiu sua independência? 3 de julho de 1944
60%
Em que dia e ano foi a independência do Sudão do Sul? 9 de julho de 2011
60%
Em que dia e ano São Tomé e Príncipe declarou sua independência? 12 de julho de 1975
40%
Em que dia e ano foi a independência de Comores? 6 de julho de 1975
40%
Em que dia e ano foi a independência de Ruanda? 15 de novembro de 1967
20%
Em que dia e ano a Libéria declarou sua independência 26 de julho de 1847
20%
Em que dia e ano a Bolívia declarou sua independência? 6 de agosto de 1825
20%
Em que dia e ano Kiribati declarou sua independência? 12 de julho de 1979
0%
Em que dia e ano as Ilhas Maldivas declarou sua independência? 26 de julho de 1965
0%
Em que dia e ano foi a independência de Malaui? 6 de julho de 1964
0%
Em que dia e ano foi a independência das Ilhas Salomão? 7 de julho de 1978
0%
Em que dia e ano foi a independência da Argentina? 9 de julho de 1816
0%
Nenhum quiz correspondente encontrado
Distribuição das Pontuações
Porcentagem de Pessoas com Cada Pontuação
Percentil de Números Respondidos
Sua Pontuação Histórica
Você não jogou esse quiz